Questa nostra scuola materna : a cura e con la direzione di Giuseppe Mori
Saved in:
| Other Authors: | |
|---|---|
| Format: | Book |
| Language: | Italian |
| Published: |
Vicenza
G. Svizzero
1943
|
| Textbook Catalogue: | EDISCO: Library Catalog Search Result |
| Textbook Classification: | |
| Tags: |
Add Tag
No Tags, Be the first to tag this record!
|
| Added to: | 2016-04-30 |
| Changed in: | 2017-10-04 |
MARC
| LEADER | 00000aam a22000007 4500 | ||
|---|---|---|---|
| 001 | 16860 | ||
| 003 | OSt | ||
| 005 | 20171004085953.0 | ||
| 008 | 160501s1943 it 000 0 ita | ||
| 040 | |c Elena Facco - Padova - CUBI | ||
| 041 | 1 | |a ita | |
| 245 | 0 | 0 | |a Questa nostra scuola materna : a cura e con la direzione di Giuseppe Mori |
| 260 | |a Vicenza |b G. Svizzero |c 1943 | ||
| 300 | |a 91 p., 1/x ; |c in 16° | ||
| 901 | |a 7 | ||
| 700 | 1 | |a Mori, Giuseppe | |
| 942 | |2 ddc |c BK | ||
| 546 | |a ita | ||
| 999 | |c 16849 |d 16849 | ||
| 999 | |c edisco:16849 |d 16849 | ||